logo

Bir Sreshtho Munshi Abdur Rouf Library
Jhenaidah Cadet College

Islamic medicine : (Record no. 12484)

MARC details
000 -LEADER
fixed length control field 00738nam a2200253 a 4500
001 - CONTROL NUMBER
JCCL Control Number 12484
003 - CONTROL NUMBER IDENTIFIER
JCCL marc code BD-JhCC
005 - DATE AND TIME OF LATEST TRANSACTION
control field 20220817134023.0
008 - FIXED-LENGTH DATA ELEMENTS--GENERAL INFORMATION
fixed length control field 220305s2010 xxua|||| |||| 000 0 eng d
020 ## - INTERNATIONAL STANDARD BOOK NUMBER
International Standard Book Number 9786035000611
035 ## - SYSTEM CONTROL NUMBER
system control number (BD-JhCC)12484
040 ## - CATALOGING SOURCE
Original cataloging agency BD-JhCC
Modifying agency BD-JhCC
041 ## - LANGUAGE CODE
Language code of Book eng
082 ## - DEWEY DECIMAL CLASSIFICATION NUMBER
Classification number 214.61
Author mark and Year AHM 2010
100 ## - MAIN ENTRY--PERSONAL NAME
Personal name Ahmad, Yusuf Al-Hajj
245 ## - TITLE STATEMENT
Title Islamic medicine :
Remainder of title the key to a better life /
Statement of responsibility, etc Yusuf Al-Hajj Ahmad tr. Nasirudin al Khattab and ed. Huda Khattab
260 ## - PUBLICATION, DISTRIBUTION, ETC. (IMPRINT)
Place of publication, distribution, etc Riyadh :
Name of publisher, distributor, etc Darussalam,
Date of publication, distribution, etc 2010.
300 ## - PHYSICAL DESCRIPTION
Pagination 417 p. :
Other physical details color page
Dimensions 24 cm.
650 ## - SUBJECT ADDED ENTRY--TOPICAL TERM
Topical term or geographic name as entry element Islam Medicine
650 ## - SUBJECT ADDED ENTRY--TOPICAL TERM
Topical term or geographic name as entry element Medicine, Arab
700 ## - ADDED ENTRY--PERSONAL NAME
Personal name Al Khattab, Nasirudin
700 ## - ADDED ENTRY--PERSONAL NAME
Personal name Khattab, Huda
942 ## - ADDED ENTRY ELEMENTS (KOHA)
Source of classification or shelving scheme Dewey Decimal Classification
Koha item type Books
Koha issues (borrowed), all copies 3
Holdings
Source of classification or shelving scheme Damaged status Not for loan Home library Current library Shelving location Date of accession Cost, normal purchase price Total Checkouts Full call number Barcode Date last seen Date checked out Copy number Koha item type Method of acquisition Currency
Dewey Decimal Classification     JCC Rouf Library JCC Rouf Library General Stacks 08/01/2021 1920.00 6 214.61 AHM 2010 17090 09/26/2023 08/23/2023 C-1 Books    
Dewey Decimal Classification     JCC Rouf Library JCC Rouf Library General Stacks 05/11/2023 1920.00 2 214.61 AHM 2010 16957 04/09/2024 01/15/2024 C-2 Books Purchase BDT

JCC Library | Contacts | JCC Home

Last Update on 23 September 2017
Copyright @ 2017-2020 JCC Rouf Library
Rouf Library, Jhenidah Cadet College (JCC), Bangladesh